[Event "Zlin Region-chT 2324"]
[Site "Czech Republic"]
[Date "2024.02.04"]
[Round "7.7"]
[White "Petrovicky, Pavel"]
[Black "Sudrich, Radek"]
[Result "0-1"]
[WhiteElo "1250"]
[BlackElo "2003"]
[PlyCount "59"]
[EventDate "2023.10.22"]
[EventType "team-tourn"]
[EventRounds "11"]
[EventCountry "CZE"]
[SourceTitle "EXT 2025"]
[Source "ChessBase"]
[SourceDate "2024.10.14"]
[SourceVersion "1"]
[SourceVersionDate "2024.10.14"]
[SourceQuality "1"]
[WhiteTeam "Valasske Mezirici"]
[BlackTeam "Kromeriz Slavia III"]
[WhiteTeamCountry "CZE"]
[BlackTeamCountry "CZE"]

1. e4 e5 2. Nf3 Nc6 3. d4 exd4 4. Nxd4 Bc5 5. Be3 Qf6 6. c3 Nge7 7. Nd2 Nxd4 8. cxd4 Bxd4 9. Bxd4 Qxd4 10. Qc2 Nc6 11. a3 0-0 12. Nf3 Qb6 13. Qc3 d6 14. b4 Bg4 15. Nd2 Rae8 16. f3 Bc8 17. Rd1 Qd4 18. Qb3 Be6 19. Bc4 d5 20. exd5 Bxd5+ 21. Kf1 Re3 22. Qc2 Rc3 23. Nb3 Qxc4+ 24. Qe2 Qxb3 25. Kf2 Bc4 26. Qe4 Qc2+ 27. Qxc2 Rxc2+ 28. Kg3 Be6 29. h3 g6 30. Rd8 0-1

[Event "Zlin Region-chT 2223"]
[Site "Czech Republic"]
[Date "2022.10.09"]
[Round "1.2"]
[White "Bobalik, Petr"]
[Black "Sudrich, Radek"]
[Result "1/2-1/2"]
[WhiteElo "1891"]
[BlackElo "2068"]
[PlyCount "38"]
[EventDate "2022.10.09"]
[EventType "team-tourn"]
[EventRounds "11"]
[EventCountry "CZE"]
[SourceTitle "EXT 2024"]
[Source "ChessBase"]
[SourceDate "2023.10.10"]
[SourceVersion "1"]
[SourceVersionDate "2023.10.10"]
[SourceQuality "1"]
[WhiteTeam "Valasske Mezirici"]
[BlackTeam "Kromeriz Slavia III"]
[WhiteTeamCountry "CZE"]
[BlackTeamCountry "CZE"]

1. d4 d5 2. Bg5 c6 3. c3 Bf5 4. Nf3 Nf6 5. Nbd2 Nbd7 6. Qb3 Qb6 7. Nh4 Be6 8. Nhf3 Bf5 9. g3 h6 10. Bxf6 Nxf6 11. Bg2 Ne4 12. 0-0 e6 13. Nxe4 Bxe4 14. Nd2 Bg6 15. e4 Qxb3 16. axb3 a6 17. b4 0-0-0 18. e5 Be7 19. f4 Bf5 1/2-1/2

[Event "Ceske Budejovice op-A"]
[Site "Ceske Budejovice"]
[Date "2022.07.02"]
[Round "2"]
[White "Maryasin, Boris Feliksovich"]
[Black "Sudrich, Radek"]
[Result "1/2-1/2"]
[WhiteElo "2260"]
[BlackElo "2049"]
[PlyCount "67"]
[EventDate "2022.07.01"]
[EventType "swiss"]
[EventRounds "9"]
[EventCountry "CZE"]
[SourceTitle "CBM 209 Extra"]
[Source "ChessBase"]
[SourceDate "2022.09.30"]
[SourceVersion "1"]
[SourceVersionDate "2022.09.30"]
[SourceQuality "1"]

1. Nf3 d5 2. b3 Nf6 3. Bb2 c6 4. g3 Bg4 5. Bg2 Nbd7 6. c4 e6 7. h3 Bh5 8. d3 Bd6 9. Nbd2 0-0 10. 0-0 Qe7 11. e4 Ba3 12. Qc1 Bxb2 13. Qxb2 dxe4 14. dxe4 Bxf3 15. Bxf3 e5 16. b4 c5 17. a3 Rfd8 18. Qc3 Rac8 19. b5 Nf8 20. Nb3 Qc7 21. Rad1 Ne6 22. Bg2 Nd4 23. Qe3 Nxb3 24. Qxb3 Rxd1 25. Rxd1 Rd8 26. Rxd8+ Qxd8 27. Qa4 Qb8 28. Qd1 Kf8 29. Qd2 Ke7 30. Qg5 Kf8 31. f4 h6 32. Qf5 Ke7 33. fxe5 Nd7 34. e6 1/2-1/2

[Event "Ceske Budejovice op-A"]
[Site "Ceske Budejovice"]
[Date "2022.07.01"]
[Round "1"]
[White "Sudrich, Radek"]
[Black "Svejda, Karel"]
[Result "1-0"]
[WhiteElo "2049"]
[BlackElo "1619"]
[PlyCount "65"]
[EventDate "2022.07.01"]
[EventType "swiss"]
[EventRounds "9"]
[EventCountry "CZE"]
[SourceTitle "CBM 209 Extra"]
[Source "ChessBase"]
[SourceDate "2022.09.30"]
[SourceVersion "1"]
[SourceVersionDate "2022.09.30"]
[SourceQuality "1"]

1. d4 Nf6 2. c4 g6 3. Nc3 Bg7 4. e4 d6 5. f3 0-0 6. Be3 e5 7. dxe5 dxe5 8. Qxd8 Rxd8 9. Nd5 Nxd5 10. cxd5 c6 11. Bc4 cxd5 12. Bxd5 Nc6 13. 0-0-0 Bd7 14. Bg5 Rdc8 15. Bxf7+ Kxf7 16. Rxd7+ Kf8 17. Kb1 Nd4 18. Nh3 b6 19. Rc1 h6 20. Rxc8+ Rxc8 21. Be3 Nc6 22. Nf2 Rd8 23. Rc7 Rd6 24. a3 h5 25. b4 Bf6 26. b5 Nd4 27. a4 Ne2 28. Rxa7 Bd8 29. Kc2 Ke8 30. Nd3 Bf6 31. Rb7 Nd4+ 32. Bxd4 Rxd4 33. Rxb6 1-0

[Event "Stare Mesto op"]
[Site "Stare Mesto"]
[Date "2021.08.20"]
[Round "8"]
[White "Sudrich, Radek"]
[Black "Kapusta, Petr"]
[Result "1-0"]
[WhiteElo "2033"]
[BlackElo "2145"]
[PlyCount "109"]
[EventDate "2021.08.13"]
[EventType "swiss"]
[EventRounds "9"]
[EventCountry "CZE"]
[SourceTitle "CBM 203 Extra"]
[Source "ChessBase"]
[SourceDate "2021.09.30"]
[SourceVersion "1"]
[SourceVersionDate "2021.09.30"]
[SourceQuality "1"]

1. d4 Nf6 2. c4 e6 3. Nf3 b6 4. g3 Bb7 5. Bg2 Bb4+ 6. Bd2 Bxd2+ 7. Nbxd2 d6 8. c5 dxc5 9. dxc5 bxc5 10. 0-0 0-0 11. Qc2 Nbd7 12. Rac1 Rb8 13. Rfd1 h6 14. b3 Nd5 15. a3 Ba6 16. Nc4 Qf6 17. Nfd2 Qe7 18. Na5 Ne5 19. Ndc4 Bxc4 20. bxc4 Nb6 21. f4 Ng4 22. Nc6 Qf6 23. Qe4 Rbe8 24. h3 e5 25. f5 h5 26. hxg4 hxg4 27. Qxg4 e4 28. Bxe4 Na4 29. Bf3 Nc3 30. Re1 Nxe2+ 31. Rxe2 Rxe2 32. Bxe2 Qxc6 33. Bf3 Qf6 34. Qh4 Qb2 35. Rf1 Qxa3 36. f6 Qe3+ 37. Kg2 Rb8 38. fxg7 Rb2+ 39. Kh1 Kxg7 40. Qg4+ Kf8 41. Bd5 Rf2 42. Rxf2 Qxf2 43. Qf4 Qe1+ 44. Kg2 Qe2+ 45. Qf2 Qe7 46. Qb2 Kg8 47. Qd2 a5 48. Qxa5 Qe2+ 49. Kg1 Qe3+ 50. Kf1 Qd3+ 51. Kf2 Qc2+ 52. Ke1 Qd3 53. Qxc5 Qxg3+ 54. Qf2 Qg6 55. Qg2 1-0

[Event "Stare Mesto op"]
[Site "Stare Mesto"]
[Date "2021.08.19"]
[Round "7"]
[White "Babula, Vlastimil1"]
[Black "Sudrich, Radek"]
[Result "1/2-1/2"]
[WhiteElo "2167"]
[BlackElo "2033"]
[PlyCount "134"]
[EventDate "2021.08.13"]
[EventType "swiss"]
[EventRounds "9"]
[EventCountry "CZE"]
[SourceTitle "CBM 203 Extra"]
[Source "ChessBase"]
[SourceDate "2021.09.30"]
[SourceVersion "1"]
[SourceVersionDate "2021.09.30"]
[SourceQuality "1"]

1. e4 e5 2. Nf3 Nc6 3. d4 exd4 4. Nxd4 Bc5 5. Nb3 Be7 6. Nc3 d6 7. Be3 Nf6 8. f3 Be6 9. Qd2 d5 10. 0-0-0 dxe4 11. Qe1 Qc8 12. g4 Bb4 13. Bc5 Bxc5 14. Nxc5 0-0 15. g5 Ne8 16. N5xe4 Nd6 17. Bd3 Bf5 18. Nd5 Bxe4 19. fxe4 Re8 20. Qh4 Re5 21. Rhg1 Kh8 22. Nf6 h6 23. gxh6 g6 24. Ng4 Qe6 25. Nxe5 Nxe5 26. Rgf1 Kh7 27. Kb1 Re8 28. h3 Qe7 29. Qf4 Qf8 30. h4 Qxh6 31. Qg3 Re7 32. Rh1 f6 33. a3 Kg7 34. Rdf1 Ndc4 35. Bxc4 Nxc4 36. Ka1 Nd2 37. Re1 Nxe4 38. Qf3 Qh5 39. Qd3 Qe5 40. h5 g5 41. h6+ Kh7 42. Rxe4 Qxe4 43. Re1 f5 44. Rxe4 Rxe4 45. Qd7+ Kxh6 46. Qxf5 Rf4 47. Qh3+ Kg6 48. b4 g4 49. Qh8 Rf3 50. Kb2 g3 51. Qc8 Kg5 52. Qxc7 Kg4 53. Qxb7 g2 54. Qxa7 Rf1 55. Qd4+ Kf3 56. Qd3+ Kf4 57. Qd6+ Kf3 58. Qf6+ Ke3 59. Qg5+ Kf3 60. Qh5+ Kg3 61. Qg6+ Kf3 62. Qf7+ Kg3 63. Qc7+ Kf3 64. Qc3+ Kf4 65. Qd2+ Kf3 66. Qd5+ Kg3 67. Qd3+ Kf4 1/2-1/2

[Event "CZE-chT2E 1718"]
[Site "Czech Republic"]
[Date "2018.01.14"]
[Round "6.8"]
[White "Chladek, Vlastimil"]
[Black "Sudrich, Radek"]
[Result "1/2-1/2"]
[WhiteElo "2034"]
[BlackElo "2007"]
[PlyCount "23"]
[EventDate "2017.10.15"]
[EventType "team-tourn"]
[EventRounds "11"]
[EventCountry "CZE"]
[SourceTitle "EXT 2022"]
[Source "ChessBase"]
[SourceDate "2021.10.06"]
[SourceVersion "1"]
[SourceVersionDate "2021.10.06"]
[SourceQuality "1"]
[WhiteTeam "Lipovec Garde"]
[BlackTeam "Kromeriz Slavia II"]
[WhiteTeamCountry "CZE"]
[BlackTeamCountry "CZE"]

1. e4 e5 2. Nf3 Nf6 3. Nxe5 d6 4. Nxf7 Kxf7 5. Nc3 Be6 6. d4 Be7 7. f4 g6 8. d5 Bg4 9. Qd4 Re8 10. Bd3 c6 11. 0-0 Qb6 12. Qxb6 1/2-1/2

[Event "CZE-chT2F 1516"]
[Site "Czech Republic"]
[Date "2015.12.06"]
[Round "4.45"]
[White "Vratny, Radim"]
[Black "Sudrich, Radek"]
[Result "1-0"]
[WhiteElo "2179"]
[BlackElo "1997"]
[PlyCount "73"]
[EventDate "2015.10.18"]
[EventType "team-tourn"]
[EventRounds "11"]
[EventCountry "CZE"]
[SourceTitle "EXT 2022"]
[Source "ChessBase"]
[SourceDate "2021.10.06"]
[SourceVersion "1"]
[SourceVersionDate "2021.10.06"]
[SourceQuality "1"]
[WhiteTeam "Ostrava Labortech II"]
[BlackTeam "Kromeriz Slavia II"]
[WhiteTeamCountry "CZE"]
[BlackTeamCountry "CZE"]

1. e4 e5 2. Nf3 Nf6 3. d4 Nxe4 4. Bd3 d5 5. Nxe5 Be7 6. 0-0 0-0 7. c4 c6 8. Nc3 Nxc3 9. bxc3 Nd7 10. Bf4 dxc4 11. Bxc4 Nxe5 12. Bxe5 Bf5 13. Qf3 Qd7 14. Qg3 g6 15. Rfe1 Rfe8 16. h4 h5 17. Qf4 Bf8 18. Re3 Bg7 19. Bxg7 Kxg7 20. Rae1 b5 21. Bb3 a5 22. a3 Rad8 23. f3 Rxe3 24. Qxe3 Qd6 25. Qe7 Qxe7 26. Rxe7 Rd7 27. Rxd7 Bxd7 28. Kf2 Kf6 29. Ke3 Bf5 30. Kf4 Bd3 31. g4 Bb1 32. g5+ Ke7 33. Ke5 a4 34. Bd1 Ba2 35. f4 Be6 36. Bf3 Bd7 37. Be4 1-0

[Event "CZE-chT2F 1516"]
[Site "Czech Republic"]
[Date "2015.10.18"]
[Round "1.64"]
[White "Sudrich, Radek"]
[Black "Chlevistan, Jakub"]
[Result "1/2-1/2"]
[WhiteElo "1997"]
[BlackElo "2158"]
[PlyCount "52"]
[EventDate "2015.10.18"]
[EventType "team-tourn"]
[EventRounds "11"]
[EventCountry "CZE"]
[SourceTitle "EXT 2022"]
[Source "ChessBase"]
[SourceDate "2021.10.06"]
[SourceVersion "1"]
[SourceVersionDate "2021.10.06"]
[SourceQuality "1"]
[WhiteTeam "Kromeriz Slavia II"]
[BlackTeam "Poruba Slavoj II"]
[WhiteTeamCountry "CZE"]
[BlackTeamCountry "CZE"]

1. d4 Nf6 2. c4 e6 3. Nf3 b6 4. Nc3 Bb7 5. a3 d5 6. Bg5 Be7 7. cxd5 Nxd5 8. Nxd5 Bxd5 9. Bxe7 Qxe7 10. e3 0-0 11. Be2 Nd7 12. 0-0 c5 13. Rc1 Rfd8 14. Qa4 cxd4 15. Qxd4 Nc5 16. Qg4 Rac8 17. Rfd1 Ne4 18. Rxc8 Rxc8 19. Nd4 g6 20. f4 h5 21. Qh3 Qc5 22. Qh4 Qc1 23. Rxc1 Rxc1+ 24. Bf1 Nd2 25. Kf2 Ne4+ 26. Kg1 Nd2 1/2-1/2

[Event "CZE-chT2E 1415"]
[Site "Czech Republic"]
[Date "2014.11.02"]
[Round "1.7"]
[White "Skacelik, Petr"]
[Black "Sudrich, Radek"]
[Result "1-0"]
[WhiteElo "2136"]
[BlackElo "2043"]
[PlyCount "79"]
[EventDate "2014.11.02"]
[EventType "team-tourn"]
[EventRounds "11"]
[EventCountry "CZE"]
[SourceTitle "EXT 2022"]
[Source "ChessBase"]
[SourceDate "2021.10.06"]
[SourceVersion "1"]
[SourceVersionDate "2021.10.06"]
[SourceQuality "1"]
[WhiteTeam "Brno Moravska Slavia"]
[BlackTeam "Kromeriz Slavia II"]
[WhiteTeamCountry "CZE"]
[BlackTeamCountry "CZE"]

1. d4 d5 2. c4 c6 3. Nc3 e6 4. Nf3 Nd7 5. e3 Bd6 6. Bd3 Ngf6 7. 0-0 0-0 8. b3 e5 9. cxd5 Nxd5 10. Bb2 N5f6 11. Qc2 Re8 12. Rad1 Qe7 13. Ne4 Nxe4 14. Bxe4 h6 15. Bh7+ Kh8 16. Bf5 e4 17. Nd2 Nf6 18. Bxc8 Raxc8 19. h3 Bb8 20. Nc4 Nd5 21. Ba3 Qh4 22. Bd6 g5 23. Bxb8 Rxb8 24. Nd6 g4 25. hxg4 Nf6 26. f3 exf3 27. Rxf3 Nxg4 28. Rh3 Qe7 29. Nf5 Qg5 30. e4 Re6 31. e5 Kg8 32. Rf1 Rd8 33. Qc1 Qxc1 34. Rxc1 Kh7 35. Rf1 Kg6 36. Nh4+ Kg7 37. Rf4 h5 38. Nf5+ Kg6 39. Ng3 Rh8 40. Rxg4+ 1-0

[Event "CZE-chT2E 1314"]
[Site "Czech Republic"]
[Date "2014.01.19"]
[Round "6.6"]
[White "Parak, Dominik"]
[Black "Sudrich, Radek"]
[Result "0-1"]
[WhiteElo "2060"]
[BlackElo "2063"]
[PlyCount "122"]
[EventDate "2013.11.03"]
[EventType "team-tourn"]
[EventRounds "11"]
[EventCountry "CZE"]
[SourceTitle "EXT 2016"]
[Source "ChessBase"]
[SourceDate "2015.10.08"]
[SourceVersion "1"]
[SourceVersionDate "2015.10.08"]
[SourceQuality "1"]
[WhiteTeam "Kurim"]
[BlackTeam "Kromeriz Slavia II"]
[WhiteTeamCountry "CZE"]
[BlackTeamCountry "CZE"]

1. e4 e5 2. Nf3 Nf6 3. Nxe5 d6 4. Nf3 Nxe4 5. d4 d5 6. Bd3 Be7 7. 0-0 0-0 8. Re1 Bf5 9. c4 Nc6 10. cxd5 Qxd5 11. Nc3 Nxc3 12. bxc3 Bxd3 13. Qxd3 b5 14. Bf4 Bd6 15. Ng5 g6 16. Qh3 h5 17. Ne4 Kg7 18. Bd2 f5 19. Nxd6 cxd6 20. Qh4 Rae8 21. Rxe8 Rxe8 22. Qf4 Re6 23. h3 Kf7 24. Qh6 b4 25. Qh7+ Ke8 26. Qh8+ Kd7 27. cxb4 Qxd4 28. Qxd4 Nxd4 29. Kf1 a6 30. Rc1 Nc6 31. f3 Re8 32. Kf2 Rb8 33. a3 Rb5 34. Rc2 Nd4 35. Rc4 Nc6 36. Kg3 Rd5 37. Rc2 Nd4 38. Rb2 Ne6 39. a4 Kc6 40. Kf2 Rd3 41. Be3 f4 42. Bd2 g5 43. Ke2 Ra3 44. a5 Nd4+ 45. Kf2 h4 46. Be1 Kb5 47. Rb1 Ra2+ 48. Kf1 Rc2 49. Rd1 Kc4 50. Bf2 Nf5 51. b5 Ne3+ 52. Bxe3 fxe3 53. Rxd6 Kxb5 54. Rd3 Kxa5 55. Rd5+ Kb4 56. Rxg5 a5 57. Rg4+ Kc3 58. Rg7 a4 59. Ra7 Kd2 60. Rd7+ Kc1 61. Ra7 Kd1 0-1

[Event "CZE-chT2F 1213"]
[Site "Czech Republic"]
[Date "2013.02.17"]
[Round "9.35"]
[White "Langner, Jakub"]
[Black "Sudrich, Radek"]
[Result "1/2-1/2"]
[WhiteElo "1965"]
[BlackElo "2080"]
[PlyCount "54"]
[EventDate "2012.10.14"]
[EventType "team-tourn"]
[EventRounds "11"]
[EventCountry "CZE"]
[SourceTitle "EXT 2016"]
[Source "ChessBase"]
[SourceDate "2015.10.08"]
[SourceVersion "1"]
[SourceVersionDate "2015.10.08"]
[SourceQuality "1"]
[WhiteTeam "Havirov Slovan"]
[BlackTeam "Kromeriz Slavia II"]
[WhiteTeamCountry "CZE"]
[BlackTeamCountry "CZE"]

1. e4 e5 2. Nf3 Nf6 3. Bc4 Nc6 4. d3 Bc5 5. c3 d6 6. b4 Bb6 7. a4 a6 8. 0-0 0-0 9. Nbd2 Be6 10. Re1 Qe7 11. Bb3 Ng4 12. Re2 Bxb3 13. Qxb3 Qe6 14. Nc4 Ba7 15. h3 Nf6 16. Ng5 Qd7 17. b5 Nd8 18. b6 Bxb6 19. Nxb6 cxb6 20. Be3 h6 21. Nf3 Qc6 22. Bxb6 Nd7 23. Rb1 Rc8 24. Bxd8 Rfxd8 25. Qxb7 Qxc3 26. Qd5 Qc6 27. Qxc6 Rxc6 1/2-1/2

[Event "CZE-chT2F 1213"]
[Site "Czech Republic"]
[Date "2013.01.20"]
[Round "7.24"]
[White "Sudrich, Radek"]
[Black "Funiok, Marcel"]
[Result "1/2-1/2"]
[WhiteElo "2080"]
[BlackElo "2114"]
[PlyCount "51"]
[EventDate "2012.10.14"]
[EventType "team-tourn"]
[EventRounds "11"]
[EventCountry "CZE"]
[SourceTitle "EXT 2016"]
[Source "ChessBase"]
[SourceDate "2015.10.08"]
[SourceVersion "1"]
[SourceVersionDate "2015.10.08"]
[SourceQuality "1"]
[WhiteTeam "Kromeriz Slavia II"]
[BlackTeam "Havirov Banik"]
[WhiteTeamCountry "CZE"]
[BlackTeamCountry "CZE"]

1. d4 Nf6 2. c4 e6 3. Nc3 b6 4. Nf3 Bb7 5. g3 Be7 6. Bg2 0-0 7. 0-0 d6 8. Qc2 Nbd7 9. b3 d5 10. cxd5 exd5 11. Bf4 c6 12. Rad1 Bb4 13. Ne5 Nh5 14. Nxd7 Qxd7 15. Bd2 f5 16. Bf3 Bxc3 17. Bxh5 Bxd2 18. Qxd2 Rf6 19. f4 Ba6 20. Rfe1 Rd8 21. Bf3 Qd6 22. Rc1 c5 23. dxc5 bxc5 24. Qc3 Rc8 25. Qe5 d4 26. Red1 1/2-1/2

[Event "CZE-chT2F 1213"]
[Site "Czech Republic"]
[Date "2013.01.06"]
[Round "6.65"]
[White "Sudrich, Radek"]
[Black "Splichal, Stanislav"]
[Result "0-1"]
[WhiteElo "2080"]
[BlackElo "2106"]
[PlyCount "78"]
[EventDate "2012.10.14"]
[EventType "team-tourn"]
[EventRounds "11"]
[EventCountry "CZE"]
[SourceTitle "EXT 2016"]
[Source "ChessBase"]
[SourceDate "2015.10.08"]
[SourceVersion "1"]
[SourceVersionDate "2015.10.08"]
[SourceQuality "1"]
[WhiteTeam "Kromeriz Slavia II"]
[BlackTeam "Ostrava TJ Nova Hut"]
[WhiteTeamCountry "CZE"]
[BlackTeamCountry "CZE"]

1. d4 Nf6 2. c4 g6 3. Nc3 Bg7 4. e4 d6 5. Nf3 0-0 6. h3 Na6 7. Bd3 e5 8. dxe5 dxe5 9. 0-0 Re8 10. a3 Nc5 11. Bc2 Nh5 12. Qxd8 Rxd8 13. Be3 Ne6 14. Rfd1 Nd4 15. Nxd4 exd4 16. Bg5 f6 17. Bc1 Bxh3 18. Nd5 c6 19. gxh3 cxd5 20. cxd5 Bf8 21. Rxd4 Bd6 22. Bd1 Nf4 23. Bxf4 Bxf4 24. Bg4 Kf8 25. Rb4 Rab8 26. Rd1 Ke7 27. Rc4 h5 28. Be6 g5 29. Kg2 Rh8 30. Kf3 Be5 31. b4 Bf4 32. b5 b6 33. Rc6 Rb7 34. Bf5 Bd6 35. a4 Rd8 36. Rdc1 Be5 37. Bg6 h4 38. Re6+ Kf8 39. Kg4 Re7 0-1

[Event "CZE-chT2E 1112"]
[Site "Czech Republic"]
[Date "2012.03.04"]
[Round "9.5"]
[White "Sudrich, Radek"]
[Black "Sochorova, Petra"]
[Result "0-1"]
[WhiteElo "2078"]
[BlackElo "2186"]
[PlyCount "67"]
[EventDate "2011.10.09"]
[EventType "team-tourn"]
[EventRounds "11"]
[EventCountry "CZE"]
[SourceTitle "EXT 2013"]
[Source "ChessBase"]
[SourceDate "2012.11.22"]
[SourceVersion "1"]
[SourceVersionDate "2012.11.22"]
[SourceQuality "1"]
[WhiteTeam "Kromeriz II"]
[BlackTeam "Brno Lokomotiva II"]
[WhiteTeamCountry "CZE"]
[BlackTeamCountry "CZE"]

1. d4 f5 2. h3 d5 3. g4 c5 4. Bg2 cxd4 5. Nf3 Nc6 6. Nxd4 Nf6 7. gxf5 Nxd4 8. Qxd4 Bxf5 9. c4 Rc8 10. Nc3 Rxc4 11. Qxa7 Qc8 12. Bd2 e6 13. Qb6 Nd7 14. Qb3 Rb4 15. Qd1 Rxb2 16. e4 dxe4 17. 0-0 Be7 18. Rc1 0-0 19. Na4 Rxd2 20. Rxc8 Rxd1 21. Rxf8+ Kxf8 22. Rxd1 Ke8 23. Nc3 Nc5 24. Ne2 Nd3 25. Ng3 Bc5 26. Rf1 Nf4 27. Bxe4 Bxh3 28. Rb1 b6 29. Rb3 e5 30. Nf5 g6 31. Ne3 Be6 32. Rb2 Ke7 33. Rc2 Kf6 34. Rd2 0-1

[Event "CZE-chT2E 1112"]
[Site "Czech Republic"]
[Date "2012.02.19"]
[Round "8.5"]
[White "Klenner, Richard"]
[Black "Sudrich, Radek"]
[Result "0-1"]
[WhiteElo "2030"]
[BlackElo "2078"]
[PlyCount "82"]
[EventDate "2011.10.09"]
[EventType "team-tourn"]
[EventRounds "11"]
[EventCountry "CZE"]
[SourceTitle "EXT 2013"]
[Source "ChessBase"]
[SourceDate "2012.11.22"]
[SourceVersion "1"]
[SourceVersionDate "2012.11.22"]
[SourceQuality "1"]
[WhiteTeam "Veseli nad Moravou"]
[BlackTeam "Kromeriz II"]
[WhiteTeamCountry "CZE"]
[BlackTeamCountry "CZE"]

1. e4 e5 2. Nf3 Nf6 3. Nc3 Nc6 4. d4 Bb4 5. d5 Ne7 6. Bd3 d6 7. 0-0 0-0 8. a3 Bxc3 9. bxc3 Bg4 10. h3 Bh5 11. Bg5 Nd7 12. Bxe7 Qxe7 13. Be2 Bxf3 14. Bxf3 Nc5 15. g3 f5 16. exf5 Rxf5 17. Qe2 e4 18. Rae1 Re8 19. Bg2 Rxd5 20. f4 Rf5 21. g4 Rf7 22. Qc4 c6 23. Re3 d5 24. Qe2 b5 25. g5 Ne6 26. Qg4 Qc5 27. Rfe1 Nxf4 28. Kh2 Ref8 29. Bh1 Qd6 30. Qg3 Qc7 31. h4 Ng6 32. Qxc7 Rxc7 33. Kg3 Rcf7 34. a4 a6 35. axb5 axb5 36. Bg2 Rf2 37. R1e2 Rxe2 38. Rxe2 Nf4 39. Re1 Nxg2 40. Kxg2 Rf3 41. h5 Rf5 0-1

[Event "CZE-chT2E 1011"]
[Site "Czech Republic"]
[Date "2011.03.27"]
[Round "10.3"]
[White "Handl, Martin"]
[Black "Sudrich, Radek"]
[Result "1/2-1/2"]
[WhiteElo "2067"]
[BlackElo "2111"]
[PlyCount "37"]
[EventDate "2010.10.17"]
[EventType "team-tourn"]
[EventRounds "11"]
[EventCountry "CZE"]
[SourceTitle "EXT 2012"]
[Source "ChessBase"]
[SourceDate "2011.11.24"]
[SourceVersion "1"]
[SourceVersionDate "2011.11.24"]
[SourceQuality "1"]
[WhiteTeam "Adamov"]
[BlackTeam "Holesov"]
[WhiteTeamCountry "CZE"]
[BlackTeamCountry "CZE"]

1. e4 e5 2. Nf3 Nf6 3. Nc3 Nc6 4. Bb5 Bc5 5. 0-0 d6 6. d4 exd4 7. Nxd4 Bd7 8. Nxc6 bxc6 9. Ba4 h6 10. Bf4 Nh7 11. Qd3 0-0 12. Qg3 Kh8 13. Rad1 Qe7 14. Rfe1 Rae8 15. Be3 Bb6 16. Bb3 Be6 17. Ba4 Bd7 18. Bb3 Be6 19. Ba4 1/2-1/2

[Event "CZE-chT2E 1011"]
[Site "Czech Republic"]
[Date "2011.01.23"]
[Round "6.4"]
[White "Sudrich, Radek"]
[Black "Bacak, Petr Jr"]
[Result "1/2-1/2"]
[WhiteElo "2111"]
[BlackElo "2050"]
[PlyCount "33"]
[EventDate "2010.10.17"]
[EventType "team-tourn"]
[EventRounds "11"]
[EventCountry "CZE"]
[SourceTitle "EXT 2012"]
[Source "ChessBase"]
[SourceDate "2011.11.24"]
[SourceVersion "1"]
[SourceVersionDate "2011.11.24"]
[SourceQuality "1"]
[WhiteTeam "Holesov"]
[BlackTeam "Postoupky"]
[WhiteTeamCountry "CZE"]
[BlackTeamCountry "CZE"]

1. d4 Nf6 2. c4 g6 3. Nc3 Bg7 4. e4 d6 5. f3 0-0 6. Be3 c5 7. Nge2 cxd4 8. Nxd4 Nc6 9. Be2 Bd7 10. 0-0 Nxd4 11. Bxd4 Bc6 12. Qd2 b6 13. Rac1 Rc8 14. Rfd1 Qd7 15. b3 Rfd8 16. Be3 Qb7 17. Nd5 1/2-1/2

[Event "CZE-chT2E 0910"]
[Site "Czech Republic"]
[Date "2010.04.18"]
[Round "11.5"]
[White "Mares, Jaroslav"]
[Black "Sudrich, Radek"]
[Result "0-1"]
[WhiteElo "2108"]
[BlackElo "2099"]
[PlyCount "74"]
[EventDate "2009.10.18"]
[EventType "team-tourn"]
[EventRounds "11"]
[EventCountry "CZE"]
[SourceTitle "EXT 2012"]
[Source "ChessBase"]
[SourceDate "2011.11.24"]
[SourceVersion "1"]
[SourceVersionDate "2011.11.24"]
[SourceQuality "1"]
[WhiteTeam "Brno 64"]
[BlackTeam "Holesov"]
[WhiteTeamCountry "CZE"]
[BlackTeamCountry "CZE"]

1. c4 e5 2. Nc3 g6 3. g3 Bg7 4. Bg2 Ne7 5. e4 0-0 6. Nge2 d6 7. d3 c6 8. d4 f5 9. 0-0 Nd7 10. h3 Nf6 11. Kh2 h6 12. f4 Nxe4 13. Nxe4 fxe4 14. dxe5 dxe5 15. Bxe4 Qxd1 16. Rxd1 Be6 17. Bd3 e4 18. Bxe4 Bxc4 19. Nd4 Rae8 20. b3 Bd5 21. Bxd5+ Nxd5 22. Ba3 Bxd4 23. Rxd4 Re2+ 24. Kg1 Rfe8 25. Bd6 R8e3 26. f5 gxf5 27. Rf1 Rxa2 28. Rxf5 Re1+ 29. Rf1 Rxf1+ 30. Kxf1 Kf7 31. Rh4 Ne3+ 32. Kg1 Nf5 33. Rf4 Ke6 34. Bf8 Nxg3 35. Rb4 b5 36. Bxh6 Rb2 37. Bg7 a5 0-1

[Event "CZE-chT2E 0910"]
[Site "Czech Republic"]
[Date "2010.02.14"]
[Round "7.6"]
[White "Sudrich, Radek"]
[Black "Knotek, Josef"]
[Result "1/2-1/2"]
[WhiteElo "2099"]
[BlackElo "2018"]
[PlyCount "151"]
[EventDate "2009.10.18"]
[EventType "team-tourn"]
[EventRounds "11"]
[EventCountry "CZE"]
[SourceTitle "EXT 2012"]
[Source "ChessBase"]
[SourceDate "2011.11.24"]
[SourceVersion "1"]
[SourceVersionDate "2011.11.24"]
[SourceQuality "1"]
[WhiteTeam "Holesov"]
[BlackTeam "Stare Mesto III"]
[WhiteTeamCountry "CZE"]
[BlackTeamCountry "CZE"]

1. d4 Nf6 2. c4 e6 3. Nf3 d5 4. Nc3 Bb4 5. Bg5 0-0 6. e3 Nbd7 7. Qc2 h6 8. Bh4 c6 9. Bd3 Qa5 10. 0-0 Re8 11. a3 Bxc3 12. Qxc3 Qxc3 13. bxc3 e5 14. dxe5 Nxe5 15. Nxe5 Rxe5 16. Bxf6 gxf6 17. Rfd1 dxc4 18. Bxc4 Be6 19. Rd4 Bxc4 20. Rxc4 Rd8 21. Rd4 Rdd5 22. Kf1 Rb5 23. a4 Rb2 24. Rb4 Rxb4 25. cxb4 Re4 26. Rb1 Rc4 27. Rb2 Rc1+ 28. Ke2 Ra1 29. a5 c5 30. bxc5 Rxa5 31. Rxb7 Rxc5 32. Rxa7 Rc2+ 33. Kf3 Kg7 34. Kg3 Rc4 35. f3 Rc3 36. e4 Rc2 37. Ra5 Re2 38. h4 Rb2 39. Kh3 Rf2 40. Rf5 Rf1 41. Kg4 Kg6 42. Ra5 Rb1 43. Ra6 Rb5 44. h5+ Kg7 45. f4 Rb4 46. Kf5 Rb5+ 47. e5 fxe5 48. fxe5 Rb2 49. g3 Rf2+ 50. Kg4 Re2 51. Kf4 Re1 52. Ra4 Rh1 53. g4 Re1 54. Re4 Rf1+ 55. Ke3 Ra1 56. Rd4 Re1+ 57. Kf4 Rf1+ 58. Ke4 Ra1 59. Rd3 Rg1 60. Kf4 Rf1+ 61. Rf3 Ra1 62. g5 Ra4+ 63. Kf5 hxg5 64. Kxg5 Ra6 65. Kf5 Rb6 66. Rg3+ Kh7 67. Rd3 Kg7 68. Rd6 Rb1 69. h6+ Kh7 70. Kf6 Rf1+ 71. Ke7 Re1 72. Rd5 Rf1 73. Rd6 Re1 74. Kf6 Rf1+ 75. Kg5 Rg1+ 76. Kf6 1/2-1/2